000 00690nam a22001817a 4500
003 UA-OsUOA
001 16256
007 ta
008 20031224b un ||||| |||| 00| 0 ukr d
100 _aШабаровська В.
942 _cSA
040 _aUA-OsUOA
_cUA-OsUOA
_dUA-OsUOA
245 _a"Відродження" у Рівному . Спроба легалізації
_b[Про діяльність рівнен. філії т-ва тверезості "Відродження" у 20-30-ті рр. XX ст.]
300 _aС.4
955 _a0
773 0 _w0
_tОго
_dРівне
_d2003
_g№175/14 жовт./
650 7 _aДобровільні товариства
_2UDC
999 _c302421
_d302421